Stati de l'India - Statistics

General Stats
  • This quiz has been taken 13 times
  • The average score is 15 of 36
Answers on the Map
Answers color-coded by a green-red scale on the quiz's map according to % correct below.
 
Answer Stats
State % Correct
Delhi
92%
Ùtar Pradesh
77%
Gòa
69%
Jamu e Kashmir
62%
Kèrała
62%
Punjab
62%
Gùjarat
54%
Tamil Nadu
54%
Andhra Pradesh
46%
Orisa
46%
Rajasthan
46%
Sìkkim
46%
Téłangana
46%
Arunàchal Pradesh
38%
Ìzołe Andamane e Nicobar
38%
Lacadive
38%
Madhya Pradesh
38%
Nàgaland
38%
Pondichery
38%
Asam
31%
Bihar
31%
Chatisgarh
31%
Haryana
31%
Himàchal Pradesh
31%
Jhàrkhand
31%
Karnàtaka
31%
Maharashtra
31%
Manipur
31%
Mizòram
31%
Ùtaranchal
31%
Bengała Osidentałe
23%
Chandigarh
23%
Dadra e Nagar Haveli e Daman e Diu
23%
Ladakh
23%
Meghalaya
23%
Trìpura
23%
No matching quizzes found
Score Distribution
Percent of People with Each Score
Percentile by Number Answered
Your Score History
You have not taken this quiz